书目信息 |
| 题名: |
移动金融
|
|
| 作者: | 丛砚敏 编著 | |
| 分册: | ||
| 出版信息: | 北京 清华大学出版社 2016 |
|
| 页数: | 208页 | |
| 开本: | 22cm | |
| 丛书名: | ||
| 单 册: | ||
| 中图分类: | F832.29 | |
| 科图分类: | ||
| 主题词: | 移动通信--yi dong tong xin--通信技术--应用--金融业--研究--中国 | |
| 电子资源: | ||
| ISBN: | 978-7-302-41604-3 | |
| 000 | 01106nam0 2200289 450 | |
| 001 | CAL 012016044757 | |
| 005 | 20170620152115.54 | |
| 010 | @a978-7-302-41604-3@b精装@dCNY35.00 | |
| 099 | @aCAL 012016044757 | |
| 100 | @a20160419d2016 em y0chiy50 ea | |
| 101 | 0 | @achi |
| 102 | @aCN@b110000 | |
| 105 | @aa z 000yy | |
| 106 | @ar | |
| 200 | 1 | @a移动金融@AYi Dong Jin Rong@e支付革命@f丛砚敏编著@g |
| 210 | @a北京@c清华大学出版社@d2016 | |
| 215 | @a208页@c图@d22cm | |
| 312 | @a英文题名取自封面 | |
| 330 | @a本书从移动互联网的崛起开始,由浅入深地介绍了移动支付的前世今生,移动支付的商业价值及商业模式,中国当前主要的移动支付种类及运营平台,移动支付蓬勃发展的秘密,移动支付未来的发展趋势与挑战以及移动支付的安全防护等内容。 | |
| 510 | 1 | @aInternet plus@ethe innovation and future of mobile internet finance@zeng |
| 517 | 1 | @a支付革命@AZhi Fu Ge Ming |
| 606 | 0 | @a移动通信@Ayi dong tong xin@x通信技术@x应用@x金融业@x研究@y中国 |
| 690 | @aF832.29@v5 | |
| 701 | 0 | @a丛砚敏@Acong yan min@4编著 |
| 801 | 0 | @aCN@bZHONGJIAO@c20170609@g |
| 905 | @aBZT@dF832.29@e1 | |
| 906 | @dCNY35.00@n3@r1 | |
| 移动金融:支付革命/丛砚敏编著.-北京:清华大学出版社,2016 |
| 208页:图;22cm |
| ISBN 978-7-302-41604-3(精装):CNY35.00 |
| 本书从移动互联网的崛起开始,由浅入深地介绍了移动支付的前世今生,移动支付的商业价值及商业模式,中国当前主要的移动支付种类及运营平台,移动支付蓬勃发展的秘密,移动支付未来的发展趋势与挑战以及移动支付的安全防护等内容。 |
| ● |
| 相关链接 |
|
|
|
正题名:移动金融
索取号:F832.29/1
 
预约/预借
| 序号 | 登录号 | 条形码 | 馆藏地/架位号 | 状态 | 备注 |
| 1 | 831644 | 2000831644 | 第二书库/ [索取号:F832.29/1] | 在馆 | |
| 2 | 831645 | 2000831645 | 第二书库/ [索取号:F832.29/1] | 在馆 | |
| 3 | 831646 | 2000831646 | 第二书库/ [索取号:F832.29/1] | 在馆 |